Význam prvkov kvality pre formovanie ponuky podniku

Proces formovania ponuky. Prieskum trhu. Informačné zdroje marketingového prieskumu. Individualizácia výrobku alebo služby. Štádium formovania ponuky. Závažnosť prvkov kvality. Vymedzenie prvkov kvality. Vyhodnotenie prvkov kvality. Stanovenie váhy dôležitosti. Metóda váženého aritmetického priemeru...

ver descrição completa

Na minha lista:
Detalhes bibliográficos
Autor principal: Križanová, Anna
Formato: Capítulo de Livro
Idioma:eslovaco
Assuntos:
Tags: Adicionar Tag
Sem tags, seja o primeiro a adicionar uma tag!

MARC

LEADER 00000naa$a2200000$$$4500
001 0004174
005 20231002070502.8
041 0 |a slo 
044 |a SK 
245 1 0 |a Význam prvkov kvality pre formovanie ponuky podniku  |c aut. Anna Križanová 
520 |a Proces formovania ponuky. Prieskum trhu. Informačné zdroje marketingového prieskumu. Individualizácia výrobku alebo služby. Štádium formovania ponuky. Závažnosť prvkov kvality. Vymedzenie prvkov kvality. Vyhodnotenie prvkov kvality. Stanovenie váhy dôležitosti. Metóda váženého aritmetického priemeru. Metóda párového porovnávania. 
610 2 0 |a taktika podniková 
610 2 0 |a ponuka 
610 2 0 |a spokojnosť zákazníkov 
610 2 0 |a prieskum trhu 
610 2 0 |a zdroje informácií 
610 2 0 |a metódy 
100 1 |a Križanová, Anna